000 00729nam a2200193Ia 4500
003 GCL
005 20240530101837.0
008 140319s9999 xx 000 0 ara d
040 _aGCL /
_cGCL
082 0 4 _a813.009
_bا ن
100 1 _aاحمد ابراهيم الهوارى
245 1 0 _aنقد الرواية فى الادب العربى الحديث فى مصر /
_cاحمد ابراهيم الهوارى
260 _aالقاهرة :
_bعين للدراسات والبحوث الانسانية والاجتماعية ،
_c1993
300 _a343 ص؛
_c24 سم
650 0 4 _aالادب العربى
650 0 4 _aالقصة العربية
650 0 4 _aالادب العربى
_xتاريخ ونقد
942 _2ddc
_cBK
999 _c28134
_d28134